00393nam a2200157Ia 4500008004100000082001000041100002400051245002000075250000600095260003800101300000800139600002400147630002000171700002400191730002000215090124s9999 xx 000 0 und d b20423 aCHATTERJEE BIMANESH aSOCIAL WELFARE  a1 b"POPULAR PRAKASHAN ,BOMBAY"c1974 a432 aCHATTERJEE BIMANESH aSOCIAL WELFARE  aCHATTERJEE BIMANESH aSOCIAL WELFARE